Sociology (Record no. 5367)

MARC details
005 - DATE AND TIME OF LATEST TRANSACTION
control field 20250626134649.0
020 ## - INTERNATIONAL STANDARD BOOK NUMBER
International Standard Book Number 0-07-288692-7
082 ## - DEWEY DECIMAL CLASSIFICATION NUMBER
Classification number 301 SCH
100 ## - MAIN ENTRY--PERSONAL NAME
Author name SCHSEFER, T. R
245 ## - TITLE STATEMENT
Title Sociology
250 ## - EDITION STATEMENT
Edition statement 9th Ed.
260 ## - PUBLICATION, DISTRIBUTION, ETC.
Place of publication, distribution, etc. Boston
Name of publisher, distributor, etc. McGraw-Hill Irwin
Date of publication, distribution, etc. 2005.
300 ## - PHYSICAL DESCRIPTION
Extent xii,630p.: ill.; tables, pictures
Other physical details Index, References
Dimensions 28cm
942 ## - ADDED ENTRY ELEMENTS (KOHA)
Source of classification or shelving scheme Dewey Decimal Classification
Koha item type Books
Holdings
Date last seen Total checkouts Full call number Barcode Price effective from Koha item type Lost status Source of classification or shelving scheme Damaged status Not for loan Withdrawn status Home library Current library Shelving location Date acquired Source of acquisition
06/26/2025   301 SCH MZA0002304 06/26/2025 Books   Dewey Decimal Classification       CBE Mwanza CBE Mwanza General Collection 06/18/2019 Library Budget